Biocomposites properties,performances and applications (Record no. 565909)

000 -LEADER
fixed length control field 00325nam a2200121Ia 4500
008 - FIXED-LENGTH DATA ELEMENTS--GENERAL INFORMATION
fixed length control field 210430s9999 xx 000 0 und d
082 ## - DEWEY DECIMAL CLASSIFICATION NUMBER
Classification number 530 S5391B
100 ## - MAIN ENTRY--PERSONAL NAME
Personal name Shahzad,Asim
9 (RLIN) 54977
245 ## - TITLE STATEMENT
Title Biocomposites properties,performances and applications
Statement of responsibility, etc. Shahzad,Asim
260 ## - PUBLICATION, DISTRIBUTION, ETC.
Date of publication, distribution, etc. 2017
300 ## - PHYSICAL DESCRIPTION
Extent 579p.
942 ## - ADDED ENTRY ELEMENTS (KOHA)
Koha item type Book
Source of classification or shelving scheme
Holdings
Withdrawn status Lost status Damaged status Not for loan Permanent Location Current Location Shelving location Date acquired Total Checkouts Total Renewals Full call number Barcode Date last seen Date last checked out Price effective from Koha item type
        School of Chemical & Materials Engineering (SCME) School of Chemical & Materials Engineering (SCME) Book Cart 05/17/2010 1 4 530 S5391B SCME- D150 01/09/2025 10/10/2024 04/30/2021 Book
© 2023 Central Library, National University of Sciences and Technology. All Rights Reserved.